000 00581nam a2200229Ia 4500
003 OSt
005 20221005125149.0
006 a|||||r|||| 00| 0
007 ta
008 221004b |||||||| |||| 00| 0 eng d
024 _a53349
037 _cTextual
040 _aCRL
_cCRL
_beng
041 _2eng
_aeng
082 _aO111,3xM, 32J8
100 _aPadmavathy
_9636244
245 0 _aOvappakkasha navum savappettiyam
260 _c1958
650 _aENGLISH LITERATURE
942 _hO111,3xM, 32J8
_cTEXL
_2cc
999 _c1053137
_d1053137